| 000 -LEADER |
| fixed length control field |
00443pab a2200145 454500 |
| 008 - FIXED-LENGTH DATA ELEMENTS--GENERAL INFORMATION |
| fixed length control field |
180718b1974 xxu||||| |||| 00| 0 eng d |
| 100 ## - MAIN ENTRY--PERSONAL NAME |
| Personal name |
By Jacob P. Meerman |
| 245 ## - TITLE STATEMENT |
| Title |
The definition of income in studies of budget incidence and income distribution |
| 260 ## - PUBLICATION, DISTRIBUTION, ETC. |
| Date of publication, distribution, etc. |
1974 |
| 300 ## - PHYSICAL DESCRIPTION |
| Extent |
515-22p. |
| 500 ## - GENERAL NOTE |
| General note |
See Call No.T In8/171 (IBRD) Accn.No.574 (Reprinted) |
| 650 ## - SUBJECT ADDED ENTRY--TOPICAL TERM |
| Topical term or geographic name entry element |
Income |
| 773 ## - HOST ITEM ENTRY |
| Main entry heading |
Review of Income and Wealth |
| 909 ## - |
| -- |
21318 |